| 000 | 00413nam a2200133Ia 4500 | ||
|---|---|---|---|
| 008 | 220217s9999||||xx |||||||||||||| ||und|| | ||
| 020 | _a978-81-7596-734-2 | ||
| 082 | _a621.381 5 SAI | ||
| 100 |
_aSait, Sadiq, M and Youssef, Habib _97568 |
||
| 245 | 0 | _aVLSI physical design with automation | |
| 260 |
_aCambridge univercity press _bNew Delhi _c2010 |
||
| 300 |
_aXIX,482p.;28cm _b495 |
||
| 650 | _aCIRCUITRY | ||
| 999 |
_c181186 _d181186 |
||